000 02089nam a22002177a 4500
999 _c57622
_d57622
003 Ge_BSU
005 20201119140917.0
008 200819s2019 ge ||||| |||| 00| 0 geo d
020 _a9789941963827
041 _ageo
080 _a347.918 (479.22) ყ - 25
100 _aყანდაშვილი, ირაკლი
_99252
245 _aსაქართველოში მედიაციის მაგალითზე დავის ალტერნატიული გადაწყვეტის სასამართლო და არასასამართლო ფორმები:
_bსადისერტაციო მონოგრაფიული კვლევა, შედარებითი ანალიზი /
_cირაკლი ყანდაშვილი; სადისერტაციო ნაშრომის სამეცნიერო ხელმძრვანელი წიგნის რედაქტორი: ზურაბ ძლიერიშვილი; ივანე ჯავახიშვილის სახელობის თბილისის სახელმწიფო უნივერსიტეტი. იურიდიული ფაკულტეტი.
264 _aთბილისი:
_bიურისტების სამყარო,
_c2019.
300 _a348 გვ.
_b21 სმ.
504 _aბიბლიოგრაფია: გვ. 324-343
653 _aსასამართლო მედიაცია
700 _aძლიერიშვილი, ზურაბ
_eდისერტაციო ნაშრომის სამეცნიერო ხელმძრვანელი
_eწიგნის რედაქტორი
_98152
710 _aივანე ჯავახიშვილის სახელობის თბილისის სახელმწიფო უნივერსიტეტი
_bიურიდიული ფაკულტეტი
_95950
942 _2udc
_cBK